Todas as palavras de Evidências - Chitãozinho e Xororó - Statistics

Estatísticas Gerais
  • Esse quiz foi jogado 188 vezes
  • A pontuação média é 165 de 212
Estatísticas das Respostas
Resposta % Correto
é
100%
e
100%
E
100%
a
99%
que
99%
quer
98%
te
98%
de
97%
não
97%
o
96%
eu
95%
Eu
95%
quero
95%
quero.
95%
quero,
95%
amo.
92%
amo!
92%
me
92%
você,
91%
você
91%
Diz
90%
se
88%
mais
86%
as
84%
dizer
84%
evidências.
81%
coração,
80%
coração.
80%
loucura
79%
Mas
79%
mas
79%
por
79%
verdade
79%
verdade,
79%
digo
78%
porque
78%
aparências,
77%
Quando
77%
do
75%
meu
75%
amar,
74%
mim
74%
mim,
74%
mim.
74%
pra
74%
em
72%
72%
vou
72%
deixei
71%
nessa
71%
disfarçando
70%
negando
70%
medo
68%
posso
68%
viver
67%
tenho
66%
preciso
64%
62%
entrego.
62%
entrego
62%
pensa
62%
vida
62%
saudade,
60%
sei
58%
tudo,
58%
Chega
57%
desejo
57%
perder
57%
perder.
57%
tem
57%
beijo.
56%
enganar
56%
mentiras
52%
negar
52%
estou
51%
sim!
51%
dar
50%
mãos.
50%
seu
50%
tuas
50%
ainda
49%
minha
48%
ouvir
48%
sou,
48%
sou
48%
fazer
47%
quiser
47%
louco
46%
confessar
44%
dia.
44%
um
44%
pensar
43%
separar
43%
afasto
42%
Faço
42%
fingindo,
42%
nossas
42%
depois
41%
falo
41%
coisas
39%
aceitar
38%
vidas.
38%
muito
37%
vai
37%
defendo
36%
nego.
35%
ser
34%
tipo,
33%
imaginar
29%
Nenhum quiz correspondente encontrado
Distribuição das Pontuações
Porcentagem de Pessoas com Cada Pontuação
Percentil de Números Respondidos
Sua Pontuação Histórica
Você não jogou esse quiz